00494 2200205 4500245004800000020002200048250001100070100001800081700001700099700002000116650001000136650002500146650001000171005001900181260003000200041001400230084001000244300002500254336000900279 aThe Magic Smile SenyumcAthif Abul'IdhText a978-979-19246-5-8 aCet. 2 aAthif Abul'Id aIrwan Raihan aBudiman Mustofa aWatak aPsikologi Individual aSifat a20230713142453 aSurakartabAl Jadidc2009 aIndonesia a155.2 a108 hlm. :c20.5 cm. atext